Taylor Swift - Devine les chansons par leurs 1ère phrases #15 - Statistiques

Statistiques générales
  • Ce quiz a été pris 128 fois
  • Le résultat moyen est 6 sur 15
Statistiques - réponses
Hint Réponse % Correct
You left your typewriter at my apartment The Tortured Poets Department
89%
Combat, I'm ready for combat The Archer
83%
My love was as cruel as the cities I lived in Daylight
57%
You went to a party Now That We Don’t Talk
42%
I wish I could fly The Very First Night
41%
*** If it feels like a trap, you're already in one Dear Reader
36%
I'm pretty sure we almost broke up last night Stay Stay Stay
35%
Keep your helmet, keep your life, son epiphany
34%
I am someone who, until recent events The Black Dog
34%
Gleaming, twinkling Gold rush
28%
Long may you reign Robin
23%
Elevator buttons and morning air Ours
19%
Hey, I knew I'd run into you somewhere Don’t You
12%
Everybody's waiting Eyes Open
12%
And it's a sad picture, the final blow hits you Change
10%
Aucun quiz correspondant
Distribution des résultats
% des personnes avec chaque résultat
Percentile par nombre de réponses
Votre historique - résultats
Vous n’avez pas pris ce quiz